000 00563nam a2200169Ia 4500
008 090711s9999 xx 000 0 und d
082 _b58634
100 _aकाणेकर अनंत
245 _aरक्ताSाी फुले
260 _bग.पा. परचुरे प्रकाशन मंदिर
_c1959
300 _a74
600 _aकाणेकर अनंत
630 _aरक्ताSाी फुले
700 _aकाणेकर अनंत
730 _aरक्ताSाी फुले
942 _cBOOK
999 _c289151
_d289151